| 000 | 00680cam a22002178a 4500 | ||
|---|---|---|---|
| 020 | _a9781603580298 | ||
| 020 | _a1603580298 | ||
| 040 | _cDLC | ||
| 082 | 0 | 0 | _a635 LIN 1996 C148 Or. |
| 100 | 1 | _aHemenway, Toby, | |
| 245 | 1 | 0 |
_aGaia's garden : _ba guide to home-scale permaculture / |
| 250 | _aSecond edition. | ||
| 300 |
_axi, 313 pages : _bcolor illustrations ; _c26 cm. |
||
| 650 | 0 | _aNatural landscaping | |
| 650 | 0 | _aOrganic gardening | |
| 650 | 0 | _aPermaculture | |
| 650 | 0 | _aGaia hypothesis | |
| 856 | 4 | 2 | _uhttp://www.loc.gov/catdir/enhancements/fy0904/2009000785-b.html |
| 856 | 4 | 2 | _uhttp://www.loc.gov/catdir/enhancements/fy0904/2009000785-d.html |
| 942 | _cAEDBB | ||
| 999 |
_c18606 _d18606 |
||